[Event "9th Semana Santa Alicante"]
[Site "San Vicente ESP"]
[Date "2025.04.20"]
[Round "8.24"]
[White "Alonso Garcia, Aaron"]
[Black "Liu, Zexu"]
[Result "1/2-1/2"]
[WhiteTitle "IM"]
[WhiteElo "2462"]
[BlackElo "2335"]
[WhiteFideId "24521060"]
[BlackFideId "8605963"]
[EventDate "2025.04.16"]

1. e4 e5 2. Nf3 Nc6 3. Bb5 a6 4. Ba4 Nf6 5. O-O d6 6. Re1 Bd7 7. c3 g6 8. d4 Bg7
9. d5 Ne7 10. c4 b5 11. Bc2 O-O 12. Nc3 c5 13. dxc6 Bxc6 14. b3 Qc7 15. Bd3 bxc4
16. bxc4 Nd7 17. Be3 Nc5 18. Bxc5 dxc5 19. Nd5 Qd6 20. Rb1 Rab8 21. Qd2 Bd7 22.
Nxe7+ Qxe7 23. h3 f5 24. Qa5 Rxb1 25. Bxb1 Bc8 26. Bc2 h5 27. Qb6 Bf6 28. Nd2 f4
29. Bd1 Qd8 30. Qb2 Qa5 31. Kf1 Rd8 32. Nb3 Qb4 33. Be2 Be6 34. a3 Qb6 35. Qc2
Kf7 36. Rb1 Qc7 37. Qc3 Rb8 38. Ke1 a5 39. Nd2 Rxb1+ 40. Nxb1 Bd8 41. Qc1 Qb7
42. Nc3 Qb3 43. Nd5 a4 44. Kf1 Ba5 45. Kg1 Qa2 46. Bd3 Qb3 47. Qb1 Qxb1+ 48.
Bxb1 Bxd5 49. exd5 Bd2 50. Bc2 Bc1 51. Bxa4 Bxa3 52. Bc2 g5 53. Kf1 Bb2 54. Ke2
Bd4 55. Bf5 Ke7 56. h4 gxh4 57. Kf3 Kd6 58. Bg6 Ke7 59. Bxh5 e4+ 60. Kxf4 Bxf2
61. Kxe4 Kd6 1/2-1/2

[Event "9th Semana Santa Alicante"]
[Site "San Vicente ESP"]
[Date "2025.04.20"]
[Round "8.25"]
[White "Hernandez, Cristian Andres"]
[Black "Zwirs, Nico"]
[Result "1/2-1/2"]
[WhiteTitle "IM"]
[BlackTitle "IM"]
[WhiteElo "2369"]
[BlackElo "2457"]
[WhiteFideId "4402308"]
[BlackFideId "1036432"]
[EventDate "2025.04.16"]

1. e4 c5 2. Nf3 d6 3. Bb5+ Nd7 4. d4 cxd4 5. Qxd4 a6 6. Bxd7+ Bxd7 7. Nc3 e5 8.
Qd3 h6 9. a4 Nf6 10. O-O Rc8 11. Nd2 Qc7 12. Rd1 Bg4 13. f3 Be6 14. Nf1 Be7 15.
Ne3 O-O 16. Bd2 Rfd8 1/2-1/2

[Event "9th Semana Santa Alicante"]
[Site "San Vicente ESP"]
[Date "2025.04.20"]
[Round "8.26"]
[White "Perez Marimon, Jorge De Jesus"]
[Black "Chasin, Nico"]
[Result "1/2-1/2"]
[WhiteTitle "FM"]
[BlackTitle "IM"]
[WhiteElo "2364"]
[BlackElo "2435"]
[WhiteFideId "3524582"]
[BlackFideId "30908477"]
[EventDate "2025.04.16"]

1. e4 c5 2. Nf3 Nc6 3. Bb5 g6 4. O-O Bg7 5. Re1 Nf6 6. e5 Nd5 7. Nc3 Nc7 8. Bxc6
dxc6 9. Ne4 Ne6 10. d3 O-O 11. Be3 b6 12. Qd2 Re8 13. h4 Nd4 14. Bxd4 cxd4 15.
Qf4 c5 16. h5 Qd5 17. Qh4 h6 18. hxg6 fxg6 19. Qg3 g5 20. Nexg5 hxg5 21. Nxg5
Bf5 22. f4 Qc6 23. e6 Rf8 24. Qh4 Rf6 25. Rf1 Rh6 26. Qg3 Rf8 27. Rae1 Qe8 28.
Kf2 Qh5 29. Rh1 Qg4 30. Qxg4 Bxg4 31. Kg3 Bf5 32. Kf3 Rxh1 33. Rxh1 Bf6 34. g4
Bxd3 35. cxd3 Bxg5 36. f5 Kg7 37. Ke4 Rd8 38. b3 b5 39. Rh5 Be3 40. g5 Rf8 41.
Rh6 Rg8 42. Rh5 Rd8 43. Rh6 c4 44. bxc4 bxc4 45. Rg6+ Kh7 46. Rh6+ 1/2-1/2

[Event "9th Semana Santa Alicante"]
[Site "San Vicente ESP"]
[Date "2025.04.20"]
[Round "8.27"]
[White "Domingo Nunez, Alejandro"]
[Black "Krstulovic, Alex"]
[Result "0-1"]
[WhiteTitle "FM"]
[BlackTitle "IM"]
[WhiteElo "2339"]
[BlackElo "2429"]
[WhiteFideId "22245561"]
[BlackFideId "760056"]
[EventDate "2025.04.16"]

1. Nf3 d5 2. c4 e6 3. g3 Nf6 4. Bg2 d4 5. e3 c5 6. exd4 cxd4 7. d3 Nc6 8. O-O
Bc5 9. Qe2 O-O 10. Ne5 Nxe5 11. Qxe5 Qb6 12. b3 Bd6 13. Qe2 e5 14. Ba3 Re8 15.
Bxd6 Qxd6 16. Nd2 Bg4 17. Ne4 Bxe2 18. Nxd6 Bxf1 19. Kxf1 Re6 20. Nxb7 Rb8 21.
Rc1 Ng4 22. Kg1 Rb6 23. Na5 Ra6 24. Nc6 Rbb6 25. h3 Nxf2 26. Nxe5 Re6 27. c5 Nd1
28. Nf3 Nb2 29. Nxd4 Nxd3 30. Rc3 Re1+ 31. Kh2 Nxc5 32. Rxc5 g6 33. Rc2 Rd1 34.
Nb5 Kg7 35. a3 Rb6 36. Nxa7 Rxb3 37. Ra2 f5 38. a4 g5 39. Nc6 f4 40. gxf4 gxf4
41. Rf2 f3 42. Bxf3 Ra1 43. a5 Raa3 44. Bg2 Rc3 45. Rf5 Rc2 46. Kg1 Raa2 47.
Rg5+ Kf6 48. Rg3 Rc1+ 49. Bf1 Rxc6 50. a6 Rc1 51. Rf3+ Kg5 52. Rf2 Rxa6 53. Kg2
Ra3 54. Be2 h5 55. h4+ Kg6 56. Kh2 Rc5 57. Bf3 Rc4 58. Kg3 Kf5 59. Kg2 Kg6 60.
Kg3 Rg4+ 61. Kh3 Kf5 62. Kh2 Rxh4+ 63. Kg2 Kg5 64. Rd2 Ra5 65. Rd8 Rf4 66. Rd3
Kh4 67. Rd2 Rg5+ 68. Kf2 Rg3 69. Rd3 Kh3 70. Ke2 h4 71. Kf2 Kh2 72. Ke2 h3 0-1

[Event "9th Semana Santa Alicante"]
[Site "San Vicente ESP"]
[Date "2025.04.20"]
[Round "8.28"]
[White "Gombocz, Ferenc Jr."]
[Black "Espinosa Aranda, Angel"]
[Result "0-1"]
[WhiteTitle "FM"]
[BlackTitle "IM"]
[WhiteElo "2331"]
[BlackElo "2418"]
[WhiteFideId "775029"]
[BlackFideId "2278189"]
[EventDate "2025.04.16"]

1. d4 e6 2. c4 Nf6 3. Nf3 Bb4+ 4. Bd2 a5 5. a3 Bxd2+ 6. Qxd2 b6 7. Nc3 Bb7 8. e3
d6 9. Bd3 Nbd7 10. e4 e5 11. Bc2 exd4 12. Nxd4 O-O 13. f3 Ne5 14. b3 Nc6 15. Nf5
Ne7 16. Ne3 Re8 17. O-O-O Nd7 18. h4 Nc5 19. a4 Nc6 20. Ncd5 Bc8 21. g4 Ne5 22.
Rdf1 c6 23. Nc3 b5 24. cxb5 cxb5 25. Nxb5 Ba6 26. Nf5 Bxb5 27. axb5 a4 28. bxa4
Qc7 29. Kd1 Nxa4 30. Ke2 Nc3+ 31. Kf2 Ra2 32. Ne3 Nxg4+ 33. Nxg4 Nxe4+ 34. fxe4
Rxc2 35. Qxc2 Qxc2+ 36. Kg3 Qxe4 37. Rf3 f5 38. Nf2 Qe5+ 0-1

[Event "9th Semana Santa Alicante"]
[Site "San Vicente ESP"]
[Date "2025.04.20"]
[Round "8.29"]
[White "Giannoulakis, Lampros"]
[Black "Barp, Alberto"]
[Result "0-1"]
[WhiteTitle "FM"]
[BlackTitle "IM"]
[WhiteElo "2325"]
[BlackElo "2413"]
[WhiteFideId "4247019"]
[BlackFideId "872555"]
[EventDate "2025.04.16"]

1. Nf3 c5 2. g3 Nc6 3. Bg2 g6 4. O-O Bg7 5. d3 d5 6. e4 Nf6 7. Nbd2 O-O 8. Re1
e6 9. c3 a5 10. a4 b6 11. exd5 exd5 12. Nf1 Ra7 13. Bf4 Be6 14. Qd2 Re7 15. Bh6
Rfe8 16. Bxg7 Kxg7 17. Ne5 Nxe5 18. Rxe5 d4 19. Rae1 Bb3 20. cxd4 cxd4 21. Rxe7
Rxe7 22. Rxe7 Qxe7 23. Bc6 Qc5 24. Bb5 Qe5 25. Bc6 Qc5 26. Bb5 h6 27. Qf4 g5 28.
Qd2 Bd5 29. Qe2 Bb7 30. Nd2 Qc1+ 31. Nf1 Bc8 32. Bc4 Bh3 33. b3 Ng4 34. Bd5
Qxf1+ 35. Qxf1 Bxf1 36. Kxf1 Nxh2+ 37. Kg2 Ng4 38. Be4 Kf6 39. f4 Ke6 40. Kf3 f5
41. Bb7 Kd7 42. Bd5 Kd6 43. Bg8 Ne3 44. fxg5 hxg5 45. Ke2 Kc5 46. Be6 Kb4 47.
Bf7 Kc3 48. Be6 f4 49. gxf4 gxf4 50. Kf3 Kxd3 51. Kxf4 Kc3 52. Ke4 Nf1 53. Kd5
Nd2 54. Kc6 Nxb3 55. Kxb6 Kb4 56. Kc6 Nc5 57. Bg4 Nxa4 58. Kd5 Kc3 59. Kc6 Nb2 0-1

[Event "9th Semana Santa Alicante"]
[Site "San Vicente ESP"]
[Date "2025.04.20"]
[Round "8.30"]
[White "Dushyant, Sharma"]
[Black "Waldhausen Gordon, Frederick"]
[Result "1-0"]
[WhiteTitle "IM"]
[BlackTitle "FM"]
[WhiteElo "2313"]
[BlackElo "2407"]
[WhiteFideId "25065130"]
[BlackFideId "2409143"]
[EventDate "2025.04.16"]

1. e4 e6 2. d4 d5 3. exd5 exd5 4. Bd3 Nc6 5. c3 Bd6 6. Nf3 Bg4 7. O-O Nge7 8.
Nbd2 h6 9. Qc2 O-O 10. h3 Bh5 11. Nh4 f6 12. g4 Bf7 13. f4 f5 14. Nxf5 Nxf5 15.
Bxf5 Qh4 16. Kg2 Rae8 17. Nf3 Qd8 18. Ne5 Bxe5 19. fxe5 Be6 20. Be3 Qd7 21. Rf3
Nd8 22. Raf1 Qe7 23. Qf2 Rf7 24. Bg6 Rxf3 25. Qxf3 Bf7 26. Bc2 Be6 27. Bd2 g5
28. Qf6 Qg7 29. Kg3 Nf7 30. Qxg7+ Kxg7 31. Rf6 Bc8 32. Rg6+ Kf8 33. Bf5 c6 34.
Bc1 Ke7 35. b3 c5 36. Ba3 b6 37. e6 Nd6 38. Rxh6 Nb5 39. Bb2 Nc7 40. dxc5 bxc5
41. Ba3 Nxe6 42. Bxe6 Bxe6 43. Bxc5+ Kd7 44. Bxa7 Ra8 45. Rh7+ Kc6 46. a4 d4 47.
Bxd4 Bxb3 48. Rg7 Rxa4 49. Rxg5 Kd6 50. Re5 Be6 51. h4 Ra1 52. h5 Rh1 53. Ra5
Ke7 54. Ra8 Kf7 55. Rh8 Re1 56. g5 Re4 57. g6+ Ke7 58. g7 Rg4+ 59. Kf3 Kf7 60.
Rf8+ Ke7 61. h6 1-0

[Event "9th Semana Santa Alicante"]
[Site "San Vicente ESP"]
[Date "2025.04.20"]
[Round "8.31"]
[White "Piccoli, Lucas Fonseca"]
[Black "Flores Quillas, Diego Saul Rodri"]
[Result "0-1"]
[BlackTitle "IM"]
[WhiteElo "2279"]
[BlackElo "2400"]
[WhiteFideId "2190788"]
[BlackFideId "3822508"]
[EventDate "2025.04.16"]

1. e4 c5 2. Nf3 d6 3. d4 cxd4 4. Nxd4 Nf6 5. Nc3 Nc6 6. Bg5 Bd7 7. Nxc6 Bxc6 8.
Bxf6 gxf6 9. Bb5 Qa5 10. Qd3 a6 11. Bxc6+ bxc6 12. O-O Bg7 13. Ne2 Qb6 14. Ng3
h5 15. Nf5 Bf8 16. a4 c5 17. Qd5 Rd8 18. a5 Qb5 19. c4 Qd7 20. Qd1 e6 21. Ng3 h4
22. Nh5 Be7 23. Qg4 Qb7 24. Rab1 Kd7 25. Qf3 f5 26. Rfe1 Rhg8 27. h3 Rg5 28. Nf4
Rdg8 29. Kh1 Bf6 30. b4 cxb4 31. c5 dxc5 32. Nd3 Bd4 33. Red1 Ke7 34. Nxb4 fxe4
35. Qf4 e3 36. f3 e2 37. Re1 Rxg2 38. Nc2 Qd5 39. Nxd4 cxd4 40. Rec1 e1=Q+ 41.
Rxe1 R2g3 42. Qc7+ Kf8 43. Rb8+ Kg7 44. Rxg8+ Kxg8 45. Re4 Rxh3+ 46. Kg2 Rg3+
47. Kh1 Qg5 48. Rg4 Rxg4 49. fxg4 Qxg4 50. Qc8+ Kg7 51. Qxa6 h3 52. Qf1 d3 53.
a6 d2 54. Qa1+ f6 0-1

[Event "9th Semana Santa Alicante"]
[Site "San Vicente ESP"]
[Date "2025.04.20"]
[Round "8.32"]
[White "Ilinca, Felix-Antonio"]
[Black "Arias Gaviria, Mario Alexis"]
[Result "1-0"]
[WhiteTitle "IM"]
[BlackTitle "FM"]
[WhiteElo "2397"]
[BlackElo "2283"]
[WhiteFideId "54764998"]
[BlackFideId "3800660"]
[EventDate "2025.04.16"]

1. d4 e6 2. e4 a6 3. Be3 d5 4. Nd2 dxe4 5. Nxe4 Nd7 6. Nf3 Ngf6 7. Nxf6+ Nxf6 8.
Bd3 Nd5 9. Bd2 c5 10. dxc5 Bxc5 11. Qe2 Qf6 12. O-O-O Nf4 13. Bxf4 Qxf4+ 14. Kb1
O-O 15. g3 Qf6 16. h4 g6 17. Rhf1 e5 18. Nxe5 Bd4 19. f4 Qb6 20. Nc4 Qc5 21. c3
Bf6 22. Nd2 Bh3 23. Rh1 Qc8 24. Ne4 Bg7 25. Qc2 Rd8 26. h5 Bg4 27. hxg6 hxg6 28.
Rd2 Qc6 29. Nf2 Bf3 30. Re1 Re8 31. Rf1 Qb6 32. f5 Rac8 33. fxg6 Rxc3 34. gxf7+
Kxf7 35. Bc4+ Rxc4 36. Qxc4+ Qe6 37. Qxe6+ Kxe6 38. Re1+ Be5 39. Nd3 Kf5 40. Rf2
Kg4 41. Nxe5+ 1-0

[Event "9th Semana Santa Alicante"]
[Site "San Vicente ESP"]
[Date "2025.04.20"]
[Round "8.33"]
[White "Sriansh Das"]
[Black "Ostrovskiy, Aleksandr"]
[Result "1-0"]
[WhiteTitle "FM"]
[BlackTitle "IM"]
[WhiteElo "2278"]
[BlackElo "2394"]
[WhiteFideId "45030081"]
[BlackFideId "2034239"]
[EventDate "2025.04.16"]

1. e4 c6 2. d4 d5 3. Nd2 dxe4 4. Nxe4 Nf6 5. Nxf6+ exf6 6. c3 Bd6 7. Bd3 O-O 8.
Qc2 Re8+ 9. Ne2 h5 10. O-O h4 11. h3 Nd7 12. Bd2 Nf8 13. Rae1 Bd7 14. c4 g6 15.
Nf4 Rxe1 16. Rxe1 Kg7 17. c5 Bxf4 18. Bxf4 Be6 19. Bd6 Qa5 20. Re4 Bf5 21. Re7
Qxa2 22. Bxf5 gxf5 23. Rxb7 Re8 24. Bxf8+ Kxf8 25. Qxf5 Re1+ 26. Kh2 Qa1 27.
Qc8+ 1-0

[Event "9th Semana Santa Alicante"]
[Site "San Vicente ESP"]
[Date "2025.04.20"]
[Round "8.34"]
[White "Benedetti, Julio"]
[Black "Suarez Uriel, Adrian"]
[Result "0-1"]
[WhiteTitle "IM"]
[BlackTitle "IM"]
[WhiteElo "2258"]
[BlackElo "2388"]
[WhiteFideId "172545"]
[BlackFideId "22230874"]
[EventDate "2025.04.16"]

1. d4 Nf6 2. Nf3 d5 3. Bg5 Ne4 4. Bf4 f6 5. Nfd2 Nc6 6. Nxe4 dxe4 7. Be3 e5 8.
d5 Ne7 9. c4 Nf5 10. Qb3 Nxe3 11. Qxe3 f5 12. f3 b6 13. fxe4 Bc5 14. Qg3 O-O 15.
Nd2 fxe4 16. Nxe4 Bb4+ 17. Nd2 c6 18. e4 cxd5 19. exd5 e4 20. O-O-O Qe7 21. Qe3
Bg4 22. Re1 Rae8 23. Be2 Bc5 24. Qg3 e3 25. Nb3 Bxe2 26. Rxe2 Qe4 27. Rhe1 Rf2
28. Kd1 Qd3+ 29. Nd2 Rxe2 30. Rxe2 Rf8 0-1

[Event "9th Semana Santa Alicante"]
[Site "San Vicente ESP"]
[Date "2025.04.20"]
[Round "8.35"]
[White "Garrido Outon, Alex"]
[Black "Granero Roca, Antonio"]
[Result "1-0"]
[WhiteTitle "IM"]
[BlackTitle "IM"]
[WhiteElo "2450"]
[BlackElo "2278"]
[WhiteFideId "24516279"]
[BlackFideId "2210509"]
[EventDate "2025.04.16"]

1. e4 e5 2. Nf3 Nc6 3. Bb5 a6 4. Ba4 Nf6 5. O-O b5 6. Bb3 Be7 7. Re1 O-O 8. a4
Rb8 9. axb5 axb5 10. c3 d6 11. d4 exd4 12. cxd4 d5 13. exd5 Nxd5 14. Nc3 Be6 15.
Bd2 Nxc3 16. bxc3 Bxb3 17. Qxb3 b4 18. Qc4 Rb6 19. d5 Nb8 20. cxb4 Bd6 21. Ng5
Nd7 22. Qd3 g6 23. Rab1 Nf6 24. Ne4 Nxe4 25. Qxe4 Rb8 26. Qd4 f6 27. Qc4 Qd7 28.
Re6 Qb5 29. Qe4 Kg7 30. Bc3 Rf7 31. g3 Ra8 32. Re1 Rd8 33. Rxf6 Rxf6 34. Bxf6+
Kxf6 35. Qh4+ g5 36. Qh6+ 1-0

[Event "9th Semana Santa Alicante"]
[Site "San Vicente ESP"]
[Date "2025.04.20"]
[Round "8.36"]
[White "Masague Artero, Guerau"]
[Black "Brodowski, Piotr"]
[Result "1/2-1/2"]
[WhiteTitle "FM"]
[BlackTitle "IM"]
[WhiteElo "2331"]
[BlackElo "2461"]
[WhiteFideId "32098952"]
[BlackFideId "1124480"]
[EventDate "2025.04.16"]

1. c4 e5 2. Nc3 Bb4 3. Nd5 a5 4. Nf3 d6 5. a3 Bc5 6. d4 exd4 7. Nxd4 c6 8. Nc3
Nf6 9. Bg5 h6 10. Bh4 O-O 1/2-1/2

[Event "9th Semana Santa Alicante"]
[Site "San Vicente ESP"]
[Date "2025.04.20"]
[Round "8.37"]
[White "Garcia Martin, Marta"]
[Black "Stella, Andrea"]
[Result "0-1"]
[WhiteTitle "IM"]
[BlackTitle "GM"]
[WhiteElo "2323"]
[BlackElo "2425"]
[WhiteFideId "32084030"]
[BlackFideId "827061"]
[EventDate "2025.04.16"]

1. d4 Nf6 2. c4 g6 3. h4 d6 4. Nc3 Bg7 5. e4 h5 6. Bg5 c5 7. d5 Qa5 8. Bd2 O-O
9. Be2 a6 10. Nf3 e6 11. O-O Re8 12. Ng5 exd5 13. cxd5 Qc7 14. a4 Nbd7 15. Rc1
Rb8 16. b4 Qd8 17. bxc5 Nxc5 18. f3 Bd7 19. Bf4 Qb6 20. Kh1 Rbc8 21. a5 Qc7 22.
Bc4 Nh7 23. Qe1 Nxg5 24. hxg5 Qxa5 25. Bxd6 b5 26. Nxb5 Qxe1 27. Rfxe1 axb5 28.
Bxb5 Bxb5 29. Rxc5 Rxc5 30. Bxc5 Rc8 31. Bd6 Rc2 32. Bf4 Kf8 33. Rc1 Rxc1+ 34.
Bxc1 Be5 35. Be3 Bg3 36. Kg1 Ke7 37. Bf2 h4 38. Bc5+ Kd7 39. Bd4 Be2 40. Bf2 Kd6
41. Ba7 Ba6 42. Bd4 Kc7 43. Bc5 Be2 44. Bf2 Kd7 45. e5 Bxe5 46. Bxh4 Bf4 47. Kf2
Bc4 48. Ke1 Kd6 49. Kf2 Kxd5 0-1

[Event "9th Semana Santa Alicante"]
[Site "San Vicente ESP"]
[Date "2025.04.20"]
[Round "8.38"]
[White "Gloeckler, Christian"]
[Black "Diaz Velandia, Jose Manuel"]
[Result "1-0"]
[WhiteTitle "FM"]
[BlackTitle "FM"]
[WhiteElo "2423"]
[BlackElo "2337"]
[WhiteFideId "34608966"]
[BlackFideId "3901939"]
[EventDate "2025.04.16"]

1. e4 Nf6 2. e5 Nd5 3. c4 Nb6 4. d4 d6 5. f4 dxe5 6. fxe5 c5 7. d5 e6 8. Nc3 f6
9. Bd3 g6 10. exf6 Qxf6 11. Ne4 Qg7 12. d6 Nc6 13. Ne2 h6 14. O-O Bd7 15. Nf6+
Kd8 16. Ne4 Nc8 17. Bc2 b6 18. Be3 e5 19. Qd5 Nb4 20. Qxa8 Nxc2 21. Bf2 Nxa1 22.
Rxa1 Qf7 23. b3 Qe6 24. Rd1 Rh7 25. h3 Rf7 26. N2c3 g5 27. Be3 Qg6 28. Bf2 Qe6
29. Rd3 Qe8 30. Nd5 Bc6 31. Qb8 Qe6 32. Ne7 Bxe7 33. Qc7+ Ke8 34. Qxc6+ 1-0

[Event "9th Semana Santa Alicante"]
[Site "San Vicente ESP"]
[Date "2025.04.20"]
[Round "8.39"]
[White "Movsziszian, Karen"]
[Black "Sinz, Bernhard"]
[Result "1-0"]
[WhiteTitle "GM"]
[BlackTitle "FM"]
[WhiteElo "2417"]
[BlackElo "2313"]
[WhiteFideId "13301152"]
[BlackFideId "4618807"]
[EventDate "2025.04.16"]

1. g3 d5 2. Nf3 Bg4 3. Bg2 Nd7 4. d3 e5 5. c4 dxc4 6. dxc4 c6 7. O-O Ngf6 8. Nc3
Bc5 9. Qc2 O-O 10. a3 a5 11. Rb1 Qe7 12. Na4 Ba7 13. h3 Bh5 14. Nh4 e4 15. Bg5
Qe6 16. c5 h6 17. Bxf6 Nxf6 18. f4 Nd5 19. Qxe4 Qxe4 20. Bxe4 Bxe2 21. Rfc1 Rfe8
22. Bxd5 cxd5 23. b4 Re3 24. Rc3 Rxc3 25. Nxc3 Bc4 26. Nf5 axb4 27. axb4 Bd3 28.
Ne7+ Kf8 29. Rd1 Bc2 30. Rd2 Bb3 31. Nexd5 Rd8 32. Kg2 f6 33. Kf3 Kf7 34. Ke4 g6
35. Rb2 Bc4 36. Kd4 Bf1 37. Ra2 Bb8 38. h4 g5 39. hxg5 hxg5 40. Rf2 Bh3 41. fxg5
Be5+ 42. Ke4 Re8 43. Kd3 f5 44. Rh2 Bf1+ 45. Kc2 Kg6 46. Ne2 Rh8 47. Rxh8 Bxh8
48. Ndf4+ Kxg5 49. Kd2 Kg4 50. Ke3 Bb2 51. Nd3 Bf6 52. Nf2+ Kg5 53. Kf3 Bxe2+
54. Kxe2 Bc3 55. Nd3 Kg4 56. Kf2 f4 57. gxf4 Bxb4 58. Ke3 Ba5 59. Ke4 Bc7 60.
Ne5+ Kh5 61. Kd5 Bb8 62. Ke4 1-0

[Event "9th Semana Santa Alicante"]
[Site "San Vicente ESP"]
[Date "2025.04.20"]
[Round "8.40"]
[White "Toncheva, Nadya"]
[Black "Krishna, C R G"]
[Result "1-0"]
[WhiteTitle "FM"]
[BlackTitle "IM"]
[WhiteElo "2318"]
[BlackElo "2415"]
[WhiteFideId "2924056"]
[BlackFideId "5018625"]
[EventDate "2025.04.16"]

1. d4 Nf6 2. c4 d6 3. Nc3 Nbd7 4. e4 e5 5. d5 Nc5 6. Bd3 Nxd3+ 7. Qxd3 Be7 8.
Nge2 O-O 9. O-O Nd7 10. Be3 Bg5 11. b4 b6 12. Bxg5 Qxg5 13. Rfc1 g6 14. Qg3 Qe7
15. a3 Bb7 16. Na4 f5 17. exf5 Rxf5 18. Nac3 Nf6 19. Re1 Qg7 20. Qd3 Rf8 21. Ng3
Rf4 22. Nce4 Nxe4 23. Nxe4 Bc8 24. f3 g5 25. Rac1 g4 26. fxg4 Rxg4 27. Qe2 Qg6
28. Ng3 h5 29. Rf1 Rff4 30. Rxf4 exf4 31. Nf1 Bf5 32. Nd2 h4 33. Kh1 Bd3 34. Qf3
Rg5 35. Re1 Re5 36. Qf2 Qf6 37. h3 Kf7 38. Kh2 Qg5 39. Rxe5 Qg3+ 40. Kg1 dxe5
41. Nf3 Qxf2+ 42. Kxf2 Kf6 43. c5 bxc5 44. bxc5 e4 45. Nxh4 Bc4 46. d6 cxd6 47.
cxd6 Bb5 48. g3 e3+ 49. Ke1 fxg3 50. Ng2 e2 51. Nf4 Ke5 52. Nxe2 g2 53. Kf2 Kxd6
54. Nf4 Kc5 55. h4 Bc6 56. h5 Be4 57. Nxg2 Kc4 58. Nf4 Kb3 59. Ng6 Kxa3 60. Ke3
Bd5 61. Ne7 Bb3 62. Kf4 Bc2 63. Nf5 Bb3 64. h6 Bg8 65. Ne7 Bh7 66. Nc6 a5 67.
Nxa5 Kb4 68. Nb7 Kb5 69. Nd8 Kb6 70. Ne6 Kc6 71. Nf8 Kd5 1-0

[Event "9th Semana Santa Alicante"]
[Site "San Vicente ESP"]
[Date "2025.04.21"]
[Round "9.1"]
[White "Murzin, Volodar"]
[Black "Lu, Shanglei"]
[Result "1/2-1/2"]
[WhiteTitle "GM"]
[BlackTitle "GM"]
[WhiteElo "2658"]
[BlackElo "2618"]
[WhiteFideId "44155573"]
[BlackFideId "8603332"]
[EventDate "2025.04.16"]

1. d4 Nf6 2. c4 e6 3. Nf3 d5 4. g3 dxc4 5. Bg2 c5 6. O-O Nc6 7. Qa4 Bd7 8. Qxc4
cxd4 9. Nxd4 Rc8 10. Nc3 Nxd4 11. Qxd4 Bc5 12. Qh4 Bc6 13. Bg5 Qd4 1/2-1/2

[Event "9th Semana Santa Alicante"]
[Site "San Vicente ESP"]
[Date "2025.04.21"]
[Round "9.2"]
[White "Diaz Perez, Michel Alejandro"]
[Black "Puranik, Abhimanyu"]
[Result "1/2-1/2"]
[WhiteTitle "IM"]
[BlackTitle "GM"]
[WhiteElo "2474"]
[BlackElo "2636"]
[WhiteFideId "3517179"]
[BlackFideId "5061245"]
[EventDate "2025.04.16"]

1. d4 Nf6 2. c4 e6 3. Nc3 d5 4. cxd5 exd5 5. Bg5 Be6 6. e3 Nbd7 7. Bd3 c6 8.
Nge2 h6 9. Bh4 g5 10. Bg3 Nh5 11. Qb3 Nxg3 12. Nxg3 Nb6 13. O-O-O h5 14. h4 gxh4
15. Nf5 Qf6 16. Qc2 Rg8 17. Nxh4 O-O-O 18. Kb1 Kb8 19. g3 Rc8 20. Ng2 Bg4 21.
Rc1 Bf3 22. Rhg1 c5 23. dxc5 Bxc5 24. Nf4 d4 25. exd4 Bxd4 26. Be4 Rxc3 27. bxc3
Nc4 28. Ka1 Bxe4 29. Qb3 Nd2 30. Qb2 Nf3 31. cxd4 Nxg1 32. Qc3 Qh8 33. Rxg1 h4
34. Qe3 f5 35. f3 Bc6 36. gxh4 Rxg1+ 37. Qxg1 Qxh4 38. Qg8+ Kc7 39. Qf7+ Kb6 40.
Qb3+ Kc7 41. Qf7+ Kb6 42. Qb3+ Kc7 1/2-1/2

[Event "9th Semana Santa Alicante"]
[Site "San Vicente ESP"]
[Date "2025.04.21"]
[Round "9.3"]
[White "Sowinski, Pawel"]
[Black "Ivanchuk, Vasyl"]
[Result "0-1"]
[WhiteTitle "IM"]
[BlackTitle "GM"]
[WhiteElo "2428"]
[BlackElo "2604"]
[WhiteFideId "21881979"]
[BlackFideId "14100010"]
[EventDate "2025.04.16"]

1. Nf3 c5 2. c4 Nf6 3. Nc3 e6 4. g3 b6 5. Bg2 Bb7 6. O-O Be7 7. d4 cxd4 8. Qxd4
d6 9. b3 O-O 10. Bb2 Nbd7 11. e4 Qc7 12. Rfd1 a6 13. Qe3 Rfe8 14. Qe2 Bf8 15.
Rac1 Rad8 16. Qc2 g6 17. Re1 Bg7 18. Rcd1 d5 19. exd5 exd5 20. Rxe8+ Rxe8 21.
cxd5 Nxd5 22. Qd2 Bxc3 23. Bxc3 Qxc3 24. Qxc3 Nxc3 25. Rxd7 Bxf3 26. Bxf3 Nxa2
27. Bd5 Rf8 28. Bb7 Nb4 29. Rd4 a5 30. Rd6 Rb8 31. Rxb6 Kf8 0-1

[Event "9th Semana Santa Alicante"]
[Site "San Vicente ESP"]
[Date "2025.04.21"]
[Round "9.4"]
[White "Smirnov, Mark"]
[Black "Vetokhin, Savva"]
[Result "1/2-1/2"]
[WhiteTitle "FM"]
[BlackTitle "GM"]
[WhiteElo "2336"]
[BlackElo "2549"]
[WhiteFideId "13764594"]
[BlackFideId "44144474"]
[EventDate "2025.04.16"]

1. e4 c5 2. Nf3 Nc6 3. Bb5 e6 4. O-O Nge7 5. d4 cxd4 6. Nxd4 Ng6 7. Be3 Be7 8.
c3 O-O 9. Nd2 Bg5 10. Bxg5 Qxg5 11. N2f3 Qc5 12. a4 a6 13. Bd3 Rd8 14. Re1 d6
15. Qd2 Nce5 16. a5 Nxd3 17. Qxd3 Qc7 18. Nd2 Rb8 19. c4 b6 20. Qc3 bxa5 21. b3
e5 22. Nc2 d5 23. exd5 Rxd5 24. Ne3 Rd7 25. Nb1 Qb6 26. Rxa5 Qxb3 27. Rd5 h6 28.
h3 Rxd5 29. cxd5 Bd7 30. Qxb3 Rxb3 31. Nd2 Rb4 32. Rc1 Nf4 33. Rc7 Bb5 34. Nf3
e4 35. Ne5 Rd4 36. Nf5 Rd1+ 37. Kh2 Ng6 38. Nxg6 fxg6 39. Rxg7+ Kf8 40. Rxg6
Rxd5 41. g4 a5 42. Rxh6 a4 43. Rf6+ Ke8 44. g5 Bd7 45. Nd6+ Ke7 46. Nxe4 Rxg5
47. Ra6 Rh5 48. Kg2 Kd8 49. Ra8+ Kc7 50. Ra7+ Kc8 51. Nd6+ Kd8 52. f4 Rd5 53.
Nc4 Bb5 54. Nb6 Rd4 55. Kg3 Bc6 56. Kg4 Rb4 57. Nxa4 Bxa4 58. Kg5 Bd7 59. f5 Rb5
60. h4 Bxf5 61. Kf6 Be4 62. Ra1 Rf5+ 63. Ke6 Rh5 64. Ra4 Rh6+ 65. Ke5 Bh7 66.
Ra8+ Ke7 67. Ra7+ Kf8 68. Ra8+ Kg7 69. Ra7+ Kh8 70. Ra4 Rh5+ 71. Ke6 Kg7 72.
Rg4+ Kh6 73. Rg5 Rxh4 74. Rg1 Bg6 75. Kf6 Rf4+ 76. Ke5 Rf5+ 77. Ke6 Kg7 78. Rg2
Rf1 79. Rg5 Rf6+ 80. Ke5 Kf7 81. Kd5 Rf1 82. Ke5 Re1+ 83. Kd4 Kf6 84. Rg3 Rd1+
85. Kc5 Be4 86. Rc3 Ke5 87. Rc4 Rd8 88. Rc3 Bd3 89. Kb4 Kd4 90. Rb3 Rc8 91. Rb2
Rc4+ 92. Ka3 Kc3 93. Rb3+ Kd2 94. Kb2 Rc5 95. Rb4 Bc4 96. Rb8 Bd5 97. Ka3 Rc1
98. Rb2+ Kc3 99. Rb3+ Kd4 100. Kb2 Rh1 101. Rc3 Bc4 102. Rc2 Bd3 103. Rc1 Rh8
104. Rc3 Rh1 105. Rb3 Bc4 106. Rc3 Rh8 107. Rc2 Ra8 108. Kc1 Bd3 109. Rb2 Ke3
110. Rb4 Ra2 111. Rb3 Rh2 112. Rc3 Kd4 113. Rb3 Bc2 114. Ra3 Kc4 115. Ra7 Bb3
116. Rc7+ Kb4 117. Rg7 Rc2+ 118. Kb1 Rf2 119. Kc1 Bd5 120. Rg3 Bf3 121. Rg7 1/2-1/2